[Event "AUTO-OPEN-492"]
[Site "http://www.queenalice.com/game.php?id=145459"]
[Date "2006.12.23"]
[Round "1"]
[White "Ninha_alone"]
[Black "chessgames"]
[Result "1-0"]
[WhiteElo "1212"]
[BlackElo "1541"]

1. Nf3 d5 2. e3 a6 3. Ne5 Qd6 4. f4 Nc6 5. Nc3 Nxe5 6. a4 Nc4 7. d3 Na5 8. Qf3
Nf6 9. b3 Qb4 10. Bd2 Qd6 11. O-O-O Qa3+ 12. Kb1 e6 13. Bc1 Qb4 14. Ne2 Bd7 15.
g3 b5 16. e4 c6 17. Bd2 Qa3 18. Bc1 Qc5 19. Qe3 Qxe3 20. Bxe3 dxe4 21. d4 Ba3
22. Nc1 Nd5 23. Bd2 Nb7 24. Ka2 Bxc1 25. Bxc1 Nc3+ 26. Kb2 Nxd1+ 27. Kb1 bxa4
28. Be2 Nc3+ 29. Kb2 Nxe2 30. Bd2 axb3 31. cxb3 1-0

[Event "AUTO-OPEN-492"]
[Site "http://www.queenalice.com/game.php?id=145460"]
[Date "2006.12.23"]
[Round "1"]
[White "chessgames"]
[Black "Jonny_Fake"]
[Result "0-1"]
[WhiteElo "1594"]
[BlackElo "1556"]

1. e4 e5 2. Nf3 Nc6 3. Nc3 Bb4 4. Bc4 h6 5. Nd5 d6 6. a3 Ba5 7. Qe2 a6 8. Qe3
Nf6 9. Nxf6+ Qxf6 10. b4 Bb6 11. Qe2 Nd4 12. Nxd4 Bxd4 13. c3 Bb6 14. a4 a5 15.
b5 Qg5 16. g3 Bg4 17. Qf1 Bf3 18. h4 Qg4 19. Rg1 Qxe4+ 20. Be2 Bxe2 21. Qxe2
Qxe2+ 22. Kxe2 f5 23. d3 g5 24. hxg5 hxg5 25. Bxg5 Rh2 26. Be3 O-O-O 27. Bxb6
cxb6 28. Ke3 d5 29. Rad1 Kc7 30. f3 Kd6 31. c4 d4# 0-1

[Event "AUTO-OPEN-492"]
[Site "http://www.queenalice.com/game.php?id=145461"]
[Date "2006.12.23"]
[Round "1"]
[White "Jonny_Fake"]
[Black "chessgames"]
[Result "1-0"]
[WhiteElo "1610"]
[BlackElo "1452"]

1. e4 e6 2. d4 d5 3. Nc3 dxe4 4. Nxe4 Qd5 5. Nc3 Qd8 6. Be3 Bb4 7. Qd3 Nc6 8.
Nf3 Nf6 9. Be2 Bxc3+ 10. bxc3 Bd7 11. O-O Qe7 12. Rab1 b6 13. h3 Rd8 14. Nd2 Nd5
15. f4 Nxe3 16. Qxe3 a5 17. Rb5 Nxd4 18. Rg5 Nxe2+ 19. Qxe2 h6 20. Rxg7 Qf6 21.
Rg3 Qxc3 22. Ne4 Qb2 23. f5 Bb5 24. Qf2 Rf8 25. Re1 Kd7 26. Rb3 Qe5 27. Nc3 Qxf5
28. Qxf5 exf5 29. Rxb5 Kc8 30. Rxf5 Rd2 31. Rc1 Kb7 32. Kf1 f6 33. Ne4 Rd4 34.
Nxf6 Rd6 35. g4 Rfxf6 36. Rxf6 Rxf6+ 37. Kg2 c5 38. h4 b5 39. Kg3 Kc6 40. g5 Rg6
41. Kg4 hxg5 42. hxg5 Kd6 43. Kf5 Rg8 44. Kf6 Kd7 45. Re1 c4 46. g6 b4 47. Kf7
1-0

[Event "AUTO-INT-289"]
[Site "http://www.queenalice.com/game.php?id=145520"]
[Date "2006.12.23"]
[Round "1"]
[White "Chris93"]
[Black "chessgames"]
[Result "1-0"]
[WhiteElo "1760"]
[BlackElo "1586"]

1. e4 c5 2. Nc3 e6 3. Bc4 Nc6 4. Nf3 b6 5. d3 Bb7 6. O-O Qc7 7. Nb5 Qb8 8. d4
Nxd4 9. Nbxd4 cxd4 10. Qxd4 Qc7 11. Be3 Bc5 12. Qxg7 Bxe3 13. Qxh8 O-O-O 14.
fxe3 f6 15. Bd3 d5 16. exd5 Bxd5 17. Bxh7 Bxf3 18. Rxf3 Nh6 19. Qxf6 Ng4 20.
Qxe6+ Qd7 21. Qxd7+ Rxd7 22. Bf5 1-0

[Event "AUTO-INT-289"]
[Site "http://www.queenalice.com/game.php?id=145521"]
[Date "2006.12.23"]
[Round "1"]
[White "chessgames"]
[Black "Chris93"]
[Result "0-1"]
[WhiteElo "1571"]
[BlackElo "1789"]

1. e4 e5 2. Nf3 Nc6 3. Nc3 Nf6 4. Bb5 Bb4 5. Nd5 Nxe4 6. Bxc6 Bc5 7. Ne3 dxc6 8.
Nxe5 Qf6 9. Nf3 O-O 10. d3 Nd6 11. h3 Be6 12. Qe2 Rae8 13. O-O Bd5 14. Nxd5 cxd5
15. Qd2 Nb5 16. a4 Nd4 17. Nxd4 Bxd4 18. c3 Bc5 19. d4 Bd6 20. g3 Re6 21. Qg5
Rfe8 22. Qxf6 Rxf6 23. Bg5 Rg6 24. h4 h6 25. Bd2 c5 0-1

[Event "AUTO-INT-289"]
[Site "http://www.queenalice.com/game.php?id=145536"]
[Date "2006.12.23"]
[Round "1"]
[White "juleba"]
[Black "chessgames"]
[Result "1-0"]
[WhiteElo "1453"]
[BlackElo "1489"]

1. e4 e5 2. Nf3 Nc6 3. Bb5 Nf6 4. Bxc6 dxc6 5. Nxe5 Qd4 6. Nxf7 Kxf7 7. O-O Qxe4
8. c3 Be7 9. Qb3+ Be6 10. d3 Qxd3 11. Qxb7 Qd6 12. g3 Bh3 13. Bf4 Qd5 14. f3
Bxf1 15. Kxf1 Qxf3+ 16. Ke1 Qh1+ 17. Kf2 Ng4+ 18. Ke2 Qxh2+ 19. Kd3 Rhd8+ 20.
Kc4 Qe2+ 21. Kb3 Rab8 22. Qb4 Rxb4+ 23. cxb4 Qd3+ 24. Nc3 Rb8 25. a3 Ne3 26.
Bxe3 Qxe3 27. Rf1+ Kg8 28. Ka2 Qxg3 29. Ne4 Qd3 30. Rf4 Rf8 31. Nf2 Qe3 32.
Rxf8+ Bxf8 33. Nd1 1-0

[Event "AUTO-INT-289"]
[Site "http://www.queenalice.com/game.php?id=145537"]
[Date "2006.12.23"]
[Round "1"]
[White "chessgames"]
[Black "juleba"]
[Result "0-1"]
[WhiteElo "1508"]
[BlackElo "1434"]

1. e4 e5 2. Nf3 Nc6 3. Nc3 Bb4 4. Bc4 Bxc3 5. dxc3 Nge7 6. Bg5 f6 7. Be3 d6 8.
Bd5 Bd7 9. O-O g5 10. Nd2 h5 11. Nf3 h4 12. Nd2 h3 13. g3 Qc8 14. Bxc6 Nxc6 15.
f3 g4 16. f4 f5 17. exf5 Bxf5 18. fxe5 Nxe5 19. Bf4 Qe6 20. Qe2 Rh5 21. Qb5+ Kf7
22. Qxb7 Re8 23. Qxc7+ Re7 24. Qa5 Be4 25. Nxe4 Nf3+ 26. Kh1 Qxe4 27. Qxh5+ Ke6
28. Qxg4+ Qf5 29. Qxf3 Qxc2 30. Rae1+ Kd7 31. Rxe7+ Kxe7 0-1

[Event "Challenge"]
[Site "http://www.queenalice.com/game.php?id=152254"]
[Date "2007.1.10"]
[Round "-"]
[White "ENDHER"]
[Black "chessgames"]
[Result "1-0"]
[WhiteElo "2199"]
[BlackElo "1596"]

1. d4 e6 2. e4 d5 3. e5 Bd7 4. Nf3 Nc6 5. Bd3 g6 6. O-O Bh6 7. Bxh6 Nxh6 8. Nc3
Nf5 9. Bxf5 gxf5 10. Qd2 h6 11. Rfb1 Qe7 12. b4 b5 13. Nxb5 Nxe5 14. Nxc7+ 1-0

[Event "Challenge"]
[Site "http://www.queenalice.com/game.php?id=154010"]
[Date "2007.1.14"]
[Round "-"]
[White "chessgames"]
[Black "ENDHER"]
[Result "0-1"]
[WhiteElo "1588"]
[BlackElo "2294"]

1. d4 Nf6 2. Nc3 d5 3. Nf3 Bg4 4. h3 Bxf3 5. exf3 e6 6. Bg5 Bb4 7. Qd2 c5 8.
Bb5+ Nc6 9. dxc5 Bxc5 10. Na4 Bd6 11. Qc3 Rc8 12. O-O a6 13. Bxc6+ Rxc6 14. Bxf6
Qxf6 15. Qxf6 gxf6 16. Rfe1 Rxc2 17. b3 Ba3 18. Kf1 Kd8 0-1